000 00544nam a2200181Ia 4500
008 090630s9999 xx 000 0 und d
082 _b1626
100 _aदेवल गो. ब.
245 _aसंशय कल्लोळ.
_cदेवल गो. ब.
260 _bपरचुरे.
_c1973
300 _a100
600 _aदेवल गो. ब.
630 _aसंशय कल्लोळ.
655 _aनाटक.
700 _aदेवल गो. ब.
730 _aसंशय कल्लोळ.
942 _cBOOK
999 _c253482
_d253482